00895 2200337 4500001002100000005001500021035002000036007000300056040001600059100002400075245003400099250001200133300004000145504002400185020002200209041000800231082000800239084001400247090002000261264002600281336002100307337003000328338002300358650001200381700003800393850001000431008004100441990002500482990002500507990002500532INLIS00000000000738920260602030750 a0010-0822000363ta aSBUPADbind0 aTim PPLHePengarang1 aMembuat TBM Alami /cTim PPLH a.-cet.1 avi + 30 Hlm :bilus ;c14,5 x 21 cm aBibliografi hlm. 30 a978-602-8193-20-707aind a641 a641 TIM m a641 TIM m L20-6 a.--Jakarta :bRicardo 2rdacontentateks 2rdamediaatanpa perantara 2rdacarrieravolume 4aKuliner0 aPenyunting, ErminawatiePengarang aPUPAD260602 0  a9085/H/KAPD/PDG/2009 a9084/H/KAPD-PDG/2009 a9082/H/KAPD-PDG/2009